Arsenal 2011-2012 team quiz - Statistics

General Stats
  • This quiz has been taken 1,533 times
    1,529 since last reset
  • The average score is 16 of 29
Answer Stats
Hint Answer % Correct
ST Robin Van Persie
89%
RW Theo Walcott
86%
RB Bacary Sagna
82%
LB Kieran Gibbs
81%
MGR Arsene Wenger
78%
CB Laurent Koscielny
74%
GK Lukasaz Fabianski
73%
CM Mikel Arteta
70%
CB Per Mertesacker
70%
CM Aaron Ramsey
69%
CB Thomas Vermaelen
65%
LW Alex Oxlade-Chamberlain
63%
CDM Alex Song
63%
CAM Thomas Rosicky
58%
LW Andrei Arshavin
57%
GK Wojciech Szczesny
57%
RB Carl Jenkinson
54%
LB Andre Santos
53%
RW Gervinho
51%
ST Marouane Chamakh
51%
CM Abou Diaby
49%
CB Johan Djourou
46%
CDM Francis Coquelin
38%
CB Sebastien Squillaci
38%
CDM Emmanuel Frimpong
32%
ST Thierry Henry
31%
CAM Yossi Benayoun
26%
CB Ignasi Miquel
24%
ST Park Chu-Young
18%
No matching quizzes found
Score Distribution
Percent of People with Each Score
Percentile by Number Answered
Your Score History
You have not taken this quiz since the last reset